[Event "Novokuznetsk Old Stager op"]
[Site "Novokuznetsk"]
[Date "2015.01.24"]
[Round "4"]
[White "Temnikov, Anatoly"]
[Black "Spirin, Alexandr"]
[Result "0-1"]
[WhiteElo "2189"]
[BlackElo "1943"]
[PlyCount "72"]
[EventDate "2015.01.10"]
[EventType "swiss"]
[EventRounds "9"]
[EventCountry "RUS"]
[SourceTitle "EXT 2018"]
[Source "ChessBase"]
[SourceDate "2017.10.13"]
[SourceVersion "1"]
[SourceVersionDate "2017.10.13"]
[SourceQuality "1"]

1. d4 Nf6 2. e3 d5 3. Be2 e6 4. Nd2 Bd6 5. f4 Nbd7 6. Nh3 Qe7 7. Bd3 c5 8. c3 Nb6 9. a4 a5 10. 0-0 Bd7 11. b3 Bc6 12. Bb2 h6 13. c4 0-0-0 14. Qc2 Ng4 15. Rfe1 Kb8 16. Bc3 g5 17. Bxa5 Bc7 18. dxc5 Qxc5 19. b4 Qe7 20. c5 Nc8 21. Bxc7+ Qxc7 22. b5 Be8 23. a5 gxf4 24. exf4 d4 25. b6 Qd7 26. a6 Ne3 27. Qa2 f5 28. Bb5 Qg7 29. Bf1 Bc6 30. g3 e5 31. axb7 Bxb7 32. Qb2 Qd7 33. Nf2 Qd5 34. c6 Qxc6 35. Rec1 Qd5 36. Qa3 Rd6 0-1

[Event "Novokuznetsk-ch"]
[Site "Novokuznetsk"]
[Date "2011.??.??"]
[Round "1"]
[White "Temnikov, Anatoly"]
[Black "Vorobyova, Alyona"]
[Result "1-0"]
[WhiteElo "2201"]
[BlackElo "1984"]
[PlyCount "79"]
[EventDate "2011.11.19"]
[EventType "swiss"]
[EventRounds "9"]
[EventCountry "RUS"]
[SourceTitle "EXT 2013"]
[Source "ChessBase"]
[SourceDate "2012.11.22"]
[SourceVersion "1"]
[SourceVersionDate "2012.11.22"]
[SourceQuality "1"]

1. d4 Nf6 2. e3 c5 3. c3 e6 4. Bd3 Be7 5. Qe2 b6 6. f4 Bb7 7. Nd2 Qc8 8. a4 Ba6 9. Bb5 Bxb5 10. axb5 d5 11. Ngf3 c4 12. Ne5 Nfd7 13. Nexc4 Qb7 14. Ne5 Nxe5 15. fxe5 Bh4+ 16. g3 Bg5 17. Nf3 Be7 18. 0-0 h5 19. h3 Nd7 20. Bd2 f6 21. exf6 gxf6 22. Rf2 Bd6 23. Rg2 0-0-0 24. Be1 Rdg8 25. c4 Bb8 26. Rc1 Kd8 27. c5 Rg7 28. c6 Qc7 29. e4 Rhg8 30. Qe3 Nf8 31. e5 f5 32. h4 Rg4 33. Ng5 Qe7 34. Bd2 Nh7 35. Qc3 Kc7 36. Rf1 Kc8 37. Ra1 Nxg5 38. Bxg5 Qc7 39. Qa3 Rxd4 40. Qa6+ 1-0

[Event "Novokuznetsk-ch op"]
[Site "Novokuznetsk"]
[Date "2010.11.21"]
[Round "3"]
[White "Temnikov, Anatoly"]
[Black "Bogachev, Alexandr"]
[Result "1-0"]
[WhiteElo "2220"]
[BlackElo "2059"]
[PlyCount "117"]
[EventDate "2010.11.14"]
[EventType "swiss"]
[EventRounds "9"]
[EventCountry "RUS"]
[SourceTitle "EXT 2022"]
[Source "ChessBase"]
[SourceDate "2021.10.06"]
[SourceVersion "1"]
[SourceVersionDate "2021.10.06"]
[SourceQuality "1"]

1. g3 d5 2. Bg2 e5 3. c4 d4 4. d3 c5 5. Nf3 f6 6. 0-0 Nc6 7. e4 g6 8. Nh4 Nge7 9. f4 Bg7 10. f5 0-0 11. g4 g5 12. Nf3 Bd7 13. h4 h6 14. a3 a5 15. a4 Nb4 16. b3 Ra6 17. Na3 Be8 18. h5 Bf7 19. Nc2 Nbc6 20. Bd2 Kh7 21. Nfe1 Rh8 22. Bf3 Nc8 23. Kf2 Nd6 24. Rh1 Ne8 25. Na3 Bf8 26. Nb5 Rg8 27. Nc2 Nb4 28. Be2 Ng7 29. Ne1 Nc6 30. Nc2 Ne7 31. Be1 Qd7 32. Kg2 Qc6 33. Bd2 Nxh5 34. gxh5 Nxf5 35. Be1 Ng7 36. Kg1 g4 37. Rh4 f5 38. exf5 Be7 39. Rxg4 Bxh5 40. Rg3 Bf7 41. Bf3 Qd7 42. Be4 Bf6 43. Bd2 Raa8 44. Kh2 Nh5 45. Rg6 Nf4 46. Bxf4 Bxg6 47. fxg6+ Kg7 48. Bg3 h5 49. Qf3 h4 50. Bf2 Bg5 51. Qh3 Bf4+ 52. Kg2 Qe7 53. Qxh4 Qxh4 54. Bxh4 Rh8 55. Rh1 Rab8 56. Nc7 Rh5 57. Bf6+ Kh6 58. Bg7+ Kxg7 59. Rxh5 1-0

[Event "Novokuznetsk op"]
[Site "Novokuznetsk"]
[Date "2008.12.13"]
[Round "8"]
[White "Temnikov, Anatoly"]
[Black "Morozov, Vasiliy"]
[Result "1-0"]
[WhiteElo "2228"]
[BlackElo "2046"]
[PlyCount "61"]
[EventDate "2008.11.22"]
[EventType "swiss"]
[EventRounds "9"]
[EventCountry "RUS"]
[SourceTitle "CBM 127 Extra"]
[Source "ChessBase"]
[SourceDate "2009.01.08"]
[SourceVersion "2"]
[SourceVersionDate "2009.01.28"]
[SourceQuality "1"]

1. d4 Nf6 2. e3 e6 3. Bd3 b6 4. f4 Bb7 5. Nf3 c5 6. 0-0 Qc7 7. Qe2 Be7 8. c3 0-0 9. e4 g6 10. g3 Nc6 11. Nbd2 Rfe8 12. a3 a6 13. b4 d6 14. Bb2 d5 15. e5 Nh5 16. Ng5 Bf8 17. Nxh7 f5 18. Nxf8 Rxf8 19. Nf3 c4 20. Bc2 Nd8 21. Ng5 Bc8 22. Kg2 Nf7 23. Nf3 Qe7 24. Bc1 Nh6 25. h3 Qe8 26. a4 Bd7 27. Nh4 Kf7 28. g4 Rg8 29. g5 Qe7 30. Nf3 Rh8 31. gxh6 1-0

[Event "Novokuznetsk op"]
[Site "Novokuznetsk"]
[Date "2008.11.22"]
[Round "1"]
[White "Peshkov, Nikita"]
[Black "Temnikov, Anatoly"]
[Result "1/2-1/2"]
[WhiteElo "1986"]
[BlackElo "2228"]
[PlyCount "30"]
[EventDate "2008.11.22"]
[EventType "swiss"]
[EventRounds "9"]
[EventCountry "RUS"]
[SourceTitle "CBM 127 Extra"]
[Source "ChessBase"]
[SourceDate "2009.01.08"]
[SourceVersion "2"]
[SourceVersionDate "2009.01.28"]
[SourceQuality "1"]

1. e4 c6 2. d4 d5 3. e5 Bf5 4. h4 h5 5. Ne2 g6 6. Ng3 Be6 7. b3 Bh6 8. Bd3 Qa5+ 9. Bd2 Bxd2+ 10. Qxd2 Qxd2+ 11. Kxd2 Nh6 12. Na3 Nd7 13. c3 0-0-0 14. Nc2 Kb8 15. Ne3 Ng4 1/2-1/2